| 000 | 00528nam a2200169 a 4500 | ||
|---|---|---|---|
| 001 | 000040240 | ||
| 005 | 20201002034014.0 | ||
| 008 | 130820s1966 mx ac 000 0 spa d | ||
| 040 |
_aDO-SdBNP _bspa _cBNPHU |
||
| 082 | _axxxx | ||
| 100 | 1 |
_aEmery, Edwin _966506 |
|
| 240 | 1 | 0 |
_aThe press and America _lespañol |
| 245 | 1 | 3 |
_aEl periodismo en los Estados Unidos / _cEdwin Emery ; traducción José Silva. |
| 260 |
_aMéxico : _bTrillar, _c1966. |
||
| 300 |
_a795 p. : _bil., retrs. ; _c24 cm. |
||
| 700 | 1 |
_aSilva, José, _etr. _950742 |
|
| 999 |
_c39730 _d39730 |
||